Mind Reader (Record no. 336174)

MARC details
000 -LEADER
fixed length control field 00492nam a2200169Ia 4500
008 - FIXED-LENGTH DATA ELEMENTS--GENERAL INFORMATION
fixed length control field 230718s9999 xx 000 0 und d
020 ## - INTERNATIONAL STANDARD BOOK NUMBER
International Standard Book Number 9780062298089
041 ## - LANGUAGE CODE
Language code of text/sound track or separate title eng
082 ## - DEWEY DECIMAL CLASSIFICATION NUMBER
Classification number 133.82
Item number SUC
100 ## - MAIN ENTRY--PERSONAL NAME
Personal name Suchard L.
9 (RLIN) 196066
245 ## - TITLE STATEMENT
Title Mind Reader
Remainder of title Unlocking The Power Of Your Mind To Get What You Want
260 ## - PUBLICATION, DISTRIBUTION, ETC. (IMPRINT)
Date of publication, distribution, etc. 2012
Name of publisher, distributor, etc. Harper Collins
300 ## - PHYSICAL DESCRIPTION
Extent 222
365 ## - TRADE PRICE
Currency code Rs.
Price amount 299.00
700 ## - ADDED ENTRY--PERSONAL NAME
Personal name Suchard L.
9 (RLIN) 196066
906 ## - LOCAL DATA ELEMENT F, LDF (RLIN)
d O:0388522-May-2014B:557407-Apr-2014
c GENRL
b 65.78
Holdings
Withdrawn status Lost status Source of classification or shelving scheme Damaged status Not for loan Home library Current library Date acquired Vendor Budget Code Cost, normal purchase price Bill number Total Checkouts Full call number Barcode Date last seen Date last checked out Discount Cost, replacement price Bill Date Koha item type Original Barcode
    Dewey Decimal Classification     Cummins College of Engineering for Women Pune Cummins College of Engineering for Women Pune 22/05/2014 Technical Book Services GENRL 233.22 5574 1 133.82 CCEP-BK-47381 26/08/2025 11/08/2025 65.78 299.00 07/04/2014 Books 047381